| 000 | 00634cam a22002174a 4500 | ||
|---|---|---|---|
| 005 | 20250605164216.0 | ||
| 008 | 250528s ||||||||||||||||||||||||d | ||
| 035 | _a20484 | ||
| 020 | _a333266064 | ||
| 040 |
_aGR-AtMCL _bgre _dGR-AtMCL _eAACR2 |
||
| 245 | 1 | _aJason and the Golden Fleece / Dramascripts | |
| 260 | _c1979 | ||
| 300 | _a34 | ||
| 505 | 0 | _aForeword, The Challenge, Argonauts, The Fire-Breathing Bulls. | |
| 520 | _aForeword, The Challenge, Argonauts, The Fire-Breathing Bulls. | ||
| 700 | 1 |
_aCavander Kenneth _96467 |
|
| 942 | _cBK | ||
| 710 | 2 |
_aMacmillan Education _99710 |
|
| 999 |
_c5588 _d5588 |
||